| 000 | 00000nam##2200000za#4500 |
| 001 | 9.666087 |
| 003 | CaOODSP |
| 005 | 20250319162504 |
| 007 | co ||||||||||| |
| 008 | 150407|2005||||xxc |q d f### # eng|d |
| 020 | |a0-662-68643-8 |
| 040 | |aCaOODSP|beng |
| 041 | |aeng |
| 041 | |afre |
| 043 | |an-cn--- |
| 086 | 1 |aA34-3/2005-MRC |
| 110 | 1 |aCanada. |bAgriculture and Agri-Food Canada. |
| 245 | 10|aAgriculture Policy Framework : |h[electronic resource]|bfederal-provincial-territorial programs |
| 260 | |aOttawa - Ontario : |bAgriculture and Agri-Food Canada |c2005. |
| 300 | |a1 CD-R |
| 500 | |aIncorrect catalogue number (A34-3/2005) and ISBN (0-662-68642-X) printed in this publication. |
| 520 | 3 |aThe Government of Canada and the provincial and territorial governments are working with the agriculture and agri-food industry and interested Canadians to implement the Agricultural Policy Framework (APF) — an architecture for agricultural policy for the 21st century. The objective of the APF is to make Canada the world leader in food safety, innovation and environmentally-responsible production. This CD-ROM lists and briefly describes federal, provincial and territorial programs and initiatives that are being implemented under the APF Implementation Agreements as of the time of publication. |
| 590 | |a06-03|b2006-01-20 |
| 690 | 07|aAgricultural assistance|2gcpds |
| 690 | 07|aAgricultural policy|2gcpds |
| 776 | 0#|tCadre stratégique pour l'agriculture : |w(CaOODSP)9.631724 |
| 776 | 0#|tAgriculture Policy Framework : |w(CaOODSP)9.649565 |
| 776 | 0#|tCadre stratégique pour l'agriculture : |w(CaOODSP)9.682751 |
| 776 | 0#|tAgriculture Policy Framework : |w(CaOODSP)9.687269 |
| 792 | |tCadre stratégique pour l'agriculture : |efre|w(CaOODSP)9.666088 |
| 986 | |a23973E |